Online
Catalog

Derecho tributario sustantivo / (Record no. 15611)

MARC details
000 -CABECERA
campo de control de longitud fija 02638nam a2200373 a 4500
001 - NÚMERO DE CONTROL
campo de control 000016070
003 - IDENTIFICADOR DEL NÚMERO DE CONTROL
campo de control DO-SdBNP
005 - FECHA Y HORA DE LA ÚLTIMA TRANSACCIÓN
campo de control 20260415175501.0
008 - DATOS DE LONGITUD FIJA--INFORMACIÓN GENERAL
campo de control de longitud fija 100224s2009 dr 000 0 spa d
020 ## - NÚMERO INTERNACIONAL ESTÁNDAR DEL LIBRO
Número Internacional Estándar del Libro 9789945856637
040 ## - FUENTE DE LA CATALOGACIÓN
Centro catalogador/agencia de origen DO-SdBNP
Lengua de catalogación spa
Centro/agencia transcriptor BNPHU
082 #4 - NÚMERO DE LA CLASIFICACIÓN DECIMAL DEWEY
Número de clasificación 343.04
Número de documento/Ítem R823d, 2009
Número de edición 22
100 1# - ENTRADA PRINCIPAL--NOMBRE DE PERSONA
Nombre de persona Ross Bravo, Jaime,
Fechas asociadas al nombre 1921-
9 (RLIN) 36039
245 10 - MENCIÓN DE TÍTULO
Título Derecho tributario sustantivo /
Mención de responsabilidad, etc. Jaime Ross Bravo ; editor Miguel Collado ; presentación Juan Hernández, Mariano Escoto Saba ; prólogo Roberto Leonel Rodríguez Estrella.
250 ## - MENCIÓN DE EDICIÓN
Mención de edición 2a ed. rev.
260 ## - PUBLICACIÓN, DISTRIBUCIÓN, ETC.
Lugar de publicación, distribución, etc. Santo Domingo :
Nombre del editor, distribuidor, etc. CAPGEFI,
Fecha de publicación, distribución, etc. 2009.
300 ## - DESCRIPCIÓN FÍSICA
Extensión 361 p. ;
Dimensiones 23 cm.
490 1# - MENCIÓN DE SERIE
Mención de serie Publicaciones CAPGEFI
490 1# - MENCIÓN DE SERIE
Mención de serie Manuales de Finanzas Públicas
Designación de volumen o secuencia v. 18
505 1# - NOTA DE CONTENIDO CON FORMATO
Nota de contenido con formato Capítulo 1: Noción general de derecho tributario -- Capítulo 2: Autonomía del desarrollo tributario -- Capítulo 3: División del derecho tributario -- Capítulo 4: Fuentes directas y supletorias del derecho tributario -- Capítulo 5: Codificación del derecho tributario -- Capítulo 6: La potestad tributaria -- Capítulo 7: Carácteres generales y obligatoriedad de la ley tributaria -- Capítulo 8: Vigencia de la ley tributaria en el tiempo -- Capítulo 9: Aplicación y extensión territorial de la ley tributaria -- Capítulo 10: Interpretación e integración de la ley tributaria -- Capítulo 11: Noción general de la obligación tributaria -- Capítulo 12: Fuentes de la obligación tributaria.
505 1# - NOTA DE CONTENIDO CON FORMATO
Nota de contenido con formato Capítulo 13: Generalidades del hecho generador de la obligación tributaria -- Capítulo 14: Elementos del hecho generador -- Capítulo 15: el objeto de la obligación tributaria -- Capítulo 16: La causa de la obligación tributaria -- Capítulo 17: Los sujetos de la obligación tributaria -- Capítulo 18: La determinación o liquidación de la obligación tributaria -- Capítulo 19: Modos de extinguir las obligaciones tributarias -- Capítulo 20: La exención tributaria -- Capítulo 21: Privilegios y garantías del crédito tributario -- Apéndice.
590 ## - NOTA LOCAL (RLIN)
Nota local Inventariado, 2018/VM
650 #0 - PUNTO DE ACCESO ADICIONAL DE MATERIA--TÉRMINO DE MATERIA
Término de materia o nombre geográfico como elemento de entrada Impuestos
Subdivisión general Leyes y legislación
9 (RLIN) 9338
650 #0 - PUNTO DE ACCESO ADICIONAL DE MATERIA--TÉRMINO DE MATERIA
Término de materia o nombre geográfico como elemento de entrada Procedimiento tributario
9 (RLIN) 8289
700 1# - PUNTO DE ACCESO ADICIONAL--NOMBRE DE PERSONA
Nombre de persona Collado, Miguel A.,
Fechas asociadas al nombre 1954-
Término indicativo de función/relación ed.
9 (RLIN) 24696
700 1# - PUNTO DE ACCESO ADICIONAL--NOMBRE DE PERSONA
Nombre de persona Hernández, Juan,
9 (RLIN) 36041
700 1# - PUNTO DE ACCESO ADICIONAL--NOMBRE DE PERSONA
Nombre de persona Escoto Saba, Mariano
9 (RLIN) 36042
700 1# - PUNTO DE ACCESO ADICIONAL--NOMBRE DE PERSONA
Nombre de persona Rodríguez Estrella, Roberto Leonel,
Término indicativo de función/relación pról.
9 (RLIN) 36043
710 1# - PUNTO DE ACCESO ADICIONAL--NOMBRE DE ENTIDAD CORPORATIVA
Nombre de entidad corporativa o nombre de jurisdicción como elemento de entrada Centro de Capacitación en Política y Gestión Fiscal
9 (RLIN) 36044
830 #0 - PUNTO DE ACCESO ADICIONAL DE SERIE-TÍTULO UNIFORME
Título uniforme Publicaciones CAPGEFI
9 (RLIN) 36045
830 #0 - PUNTO DE ACCESO ADICIONAL DE SERIE-TÍTULO UNIFORME
Título uniforme Manuales de Finanzas Públicas
Número de parte o sección de la obra no. 18
9 (RLIN) 36046
910 ## - DATOS DE OPCIÓN DEL USUARIO (OCLC)
Datos de opción del usuario Validado. Control de calidad BNPHU
942 ## - ELEMENTOS DE PUNTO DE ACCESO ADICIONAL (KOHA)
Fuente del sistema de clasificación o colocación Dewey Decimal Classification
Tipo de ítem Koha Libro
Holdings
Estado de retiro Estado de pérdida Restricciones de uso No para préstamo Código de colección Localización permanente Ubicación/localización actual Ubicación en estantería Fecha de adquisición Número de inventario Total de préstamos Signatura topográfica completa Código de barras Fecha visto por última vez Número de copia Precio válido a partir de Tipo de ítem Koha
        Dominicana de Servicio General General Depósito 24.02.2010 LF1   343.04 R823d, 2009 16070-30 25.06.2020 e. 3 25.06.2020 Libro y Folleto Colección Dominicana de Servicio
      Excluido de préstamo Patrimonio Dominicano Patrimonio Dominicano Patrimonio Dominicano Depósito 24.02.2010 LF1   343.04 R823d, 2009 16070-10 25.06.2020   25.06.2020 Libro y Folleto Colección Patrimonio Dominicano
      Excluido de préstamo Patrimonio Dominicano Patrimonio Dominicano Patrimonio Dominicano Depósito 24.02.2010 LF1   343.04 R823d, 2009 16070-20 25.06.2020 e. 2 25.06.2020 Libro y Folleto Colección Patrimonio Dominicano

Powered by Koha